A belső ellenőrzés változásának tendenciái az igazságszolgáltatásban

Bibliographic Details
Main Author: Varga Barbara
Other Authors: Bán Erika
Format: Thesis
Kulcsszavak:Belső ellenőrzés
internal audit
bíróság
Online Access:http://dolgozattar.uni-bge.hu/17367

MARC

LEADER 00000nta a2200000 i 4500
001 dolg17367
005 20180517132050.0
008 180517suuuu hu om 000 hun d
040 |a BGE Dolgozattár Repozitórium  |b hun 
041 |a hu 
100 1 |a Varga Barbara 
245 1 2 |a A belső ellenőrzés változásának tendenciái az igazságszolgáltatásban  |c Varga Barbara  |h [elektronikus dokumentum] 
695 |a Belső ellenőrzés 
695 |a internal audit 
695 |a bíróság 
700 1 |a Bán Erika  |e ths 
856 4 0 |u http://dolgozattar.uni-bge.hu/17367/1/szakdolgozat%20-%20Varga%20Barbara.pdf  |z Dokumentum-elérés 
856 4 0 |u http://dolgozattar.uni-bge.hu/17367/2/nyilatkozat.pdf  |z Dokumentum-elérés